| 000 | 00922cam a2200241 4500 | ||
|---|---|---|---|
| 001 | 3333 | ||
| 005 | 20181127171030.0 | ||
| 008 | 050727s2004 ii ab 000 0 eng | ||
| 010 | _a 2004312523 | ||
| 020 | _a1932705430 | ||
| 043 | _aa-bt--- | ||
| 100 | 1 |
_aZeurcher, Dieter, _d1958- |
|
| 245 | 1 | 0 |
_aBhutan, land of spirituality and modernization : _brole of water in daily life / _cDieter Zurcher and Kunzang Choden. |
| 260 |
_aNew Delhi ; _aChicago : _bNew Dawn Press, Inc. ; _aPhuentsholing, Bhutan : _bKMT Press, _c2003. |
||
| 300 |
_a159 p. : _bcol. ill., maps ; _c29 cm. |
||
| 500 | _aCD Available to Accompany Text. | ||
| 650 | 0 |
_aDrinking water _xHealth aspects _zBhutan. |
|
| 650 | 0 |
_aWater and civilization _zBhutan _vPictorial works. |
|
| 650 | 0 |
_aWater consumption _zBhutan _vPictorial works. |
|
| 650 | 0 |
_aWater use _zBhutan. |
|
| 650 | 0 |
_aWater-supply _xEconomic aspects _zBhutan. |
|
| 700 | 0 |
_aKunzang Choden, _d1952- |
|
| 999 |
_c2695 _d2695 |
||